[Event "DVM U16 2013"]
[Site "Lingen (Ems) GER"]
[Date "2013.12.27"]
[Round "1"]
[White "Pixa, Richard"]
[Black "Koop, Thorben"]
[Result "1/2-1/2"]
[Termination "normal"]
[Board "1.1"]
[WhiteElo "1958"]
[BlackElo "2232"]
[WhiteTeam "Treptower SV 1949"]
[BlackTeam "SV Lingen"]
[WhiteFideId "4626095"]
[BlackFideId "24661619"]
[EventCountry "GER"]
[EventRounds "7"]
[EventType "team-swiss"]
[EventDate "2013.12.26"]

1. d4 Nf6 2. c4 g6 3. f3 Bg7 4. e4 O-O 5. Nc3 d6 6. Be3 c5 7. dxc5 dxc5 8. Qxd8
Rxd8 9. Bxc5 Nc6 10. Be3 b6 11. Rc1 Nd7 12. Nh3 Nc5 13. Nf2 Be6 14. Be2 Nd4 15.
b3 Bd7 16. Nd5 e6 17. Nc3 Bc6 18. O-O a5 19. Rfd1 Rd7 20. Kf1 Rad8 21. Nb5 Bxb5
22. cxb5 h6 1/2-1/2

[Event "DVM U16 2013"]
[Site "Lingen (Ems) GER"]
[Date "2013.12.27"]
[Round "1"]
[White "Oehne, Timo"]
[Black "Klodt, Daniel"]
[Result "1-0"]
[Termination "normal"]
[Board "1.2"]
[WhiteElo "2019"]
[BlackElo "1631"]
[WhiteTeam "SV Lingen"]
[BlackTeam "Treptower SV 1949"]
[WhiteFideId "24661635"]
[BlackFideId "12938068"]
[EventCountry "GER"]
[EventRounds "7"]
[EventType "team-swiss"]
[EventDate "2013.12.26"]

1. Nf3 d5 2. g3 Bg4 3. Bg2 Nf6 4. O-O Nbd7 5. d4 e6 6. c4 c6 7. Ne5 Nxe5 8.
dxe5 Nd7 9. cxd5 cxd5 10. h3 Bf5 11. f4 Bc5+ 12. Kh2 h5 13. Nc3 Rc8 14. e4 dxe4
15. Nxe4 Bxe4 16. Bxe4 Qb6 17. Rb1 g6 18. Qe2 O-O 19. Rd1 Rfd8 20. b4 Bf8 21.
Be3 Qa6 22. Qxa6 bxa6 23. Bxa7 Rc4 24. Bd3 Rc7 25. Be3 Rb8 26. Bd2 Ra8 27. Rbc1
Rxc1 28. Rxc1 Nb6 29. Bf1 Rd8 30. Be1 Nd5 31. a3 Ra8 32. Bg2 Rd8 33. Rd1 Be7
34. Bxd5 exd5 35. Kg2 f6 36. Rc1 Kf7 37. Rc6 fxe5 38. fxe5 d4 39. Bd2 Rd5 40.
e6+ Kf6 41. Rxa6 Re5 42. Kf3 d3 43. Bc3 1-0

[Event "DVM U16 2013"]
[Site "Lingen (Ems) GER"]
[Date "2013.12.27"]
[Round "1"]
[White "Hesse, Henrik"]
[Black "Bach, Jannik"]
[Result "0-1"]
[Termination "normal"]
[Board "1.3"]
[WhiteElo "1701"]
[BlackElo "1869"]
[WhiteTeam "Treptower SV 1949"]
[BlackTeam "SV Lingen"]
[WhiteFideId "12952060"]
[BlackFideId "24615900"]
[EventCountry "GER"]
[EventRounds "7"]
[EventType "team-swiss"]
[EventDate "2013.12.26"]

1. c4 Nf6 2. Nc3 g6 3. Nf3 Bg7 4. g3 O-O 5. Bg2 c6 6. d3 d5 7. cxd5 cxd5 8. Bf4
Nc6 9. O-O Qb6 10. Qd2 Bd7 11. Ne5 e6 12. Bh3 Nxe5 13. Bxe5 Bc6 14. e3 a5 15.
Rac1 Rfd8 16. Bd4 Qa6 17. Ne2 Rac8 18. Rc2 Bb5 19. Rd1 b6 20. Nc3 Bc6 21. Rdc1
Ne8 22. Bxg7 Kxg7 23. Ne2 Bb5 24. Rxc8 Rxc8 25. Rxc8 Qxc8 26. Nd4 Ba6 27. e4
dxe4 28. dxe4 Qc5 29. b3 Qc8 30. Qb2 Kg8 31. Qd2 Bb7 32. Bg2 Qc5 33. Ne2 Nd6
34. Nc3 b5 35. Qe3 Qxe3 36. fxe3 b4 37. Na4 Bxe4 38. Bxe4 Nxe4 39. Nb2 Nc3 40.
Nc4 a4 41. bxa4 Nxa4 42. Kf2 Nc3 43. a3 Nd1+ 44. Ke2 Nb2 45. axb4 Nxc4 46. Kd3
Nd6 47. Kd4 Kf8 48. Kc5 Ke7 49. b5 e5 50. Kc6 Ke6 51. b6 f5 52. h4 h6 53. Kc5
g5 54. hxg5 hxg5 55. Kb4 f4 56. exf4 exf4 57. gxf4 g4 58. f5+ Kxf5 59. Kc5 Ke5
0-1

[Event "DVM U16 2013"]
[Site "Lingen (Ems) GER"]
[Date "2013.12.27"]
[Round "1"]
[White "Vonhoff, Nils"]
[Black "Pixa, Ulrich"]
[Result "1-0"]
[Termination "normal"]
[Board "1.4"]
[WhiteElo "1847"]
[BlackElo "1518"]
[WhiteTeam "SV Lingen"]
[BlackTeam "Treptower SV 1949"]
[WhiteFideId "24692301"]
[BlackFideId "4697723"]
[EventCountry "GER"]
[EventRounds "7"]
[EventType "team-swiss"]
[EventDate "2013.12.26"]

1. e4 e5 2. Bc4 Nf6 3. d3 Bc5 4. Nf3 d6 5. c3 Nc6 6. b4 Bb6 7. a4 a6 8. Qb3 O-O
9. Bg5 Qe7 10. Nbd2 Nd8 11. Bh4 Be6 12. h3 c6 13. Qa2 Bxc4 14. Nxc4 Bc7 15. Ne3
Qe6 16. Nf5 Qxa2 17. Rxa2 Ne6 18. Bxf6 gxf6 19. g3 Rfe8 20. N3h4 Kf8 21. Nh6
Ng7 22. N4f5 Nxf5 23. Nxf5 Red8 24. g4 d5 25. Ke2 Ke8 26. h4 Kd7 27. Nh6 Ke6
28. g5 b5 29. Rh3 Rf8 30. Rf3 Bd8 31. exd5+ cxd5 32. axb5 fxg5 33. Rxa6+ Rxa6
34. bxa6 Bb6 35. hxg5 Ke7 36. Rf6 Ba7 37. Nf5+ Ke8 38. Nd6+ Ke7 39. Nb5 Ra8 40.
Nc7 Rd8 41. b5 1-0

[Event "DVM U16 2013"]
[Site "Lingen (Ems) GER"]
[Date "2013.12.27"]
[Round "1"]
[White "Xu, Xianliang"]
[Black "Schulz, Lukas"]
[Result "1/2-1/2"]
[Termination "normal"]
[Board "2.1"]
[WhiteElo "2084"]
[BlackElo "1923"]
[WhiteTeam "SG Porz"]
[BlackTeam "SC Höchstadt"]
[WhiteFideId "4603230"]
[BlackFideId "12924881"]
[EventCountry "GER"]
[EventRounds "7"]
[EventType "team-swiss"]
[EventDate "2013.12.26"]

1. e4 d5 2. exd5 Nf6 3. d4 Nxd5 4. c4 Nb6 5. c5 Nd5 6. Nf3 Nc6 7. Qb3 e6 8. Nc3
Be7 9. Bb5 O-O 10. O-O Bf6 11. Be3 Nce7 12. Bd3 a5 13. a3 Rb8 14. Rad1 Bd7 15.
Ne4 Bc6 16. Bb1 Nf5 17. Qd3 Qe7 18. Ng3 g6 19. Nxf5 exf5 20. Rfe1 Nxe3 21. Rxe3
Qd7 22. Ne5 Bxe5 23. Rxe5 Be4 24. Qc4 Rfe8 25. f4 Rxe5 26. fxe5 Qd5 27. Ba2 Rd8
28. Qxd5 Bxd5 29. Bxd5 1/2-1/2

[Event "DVM U16 2013"]
[Site "Lingen (Ems) GER"]
[Date "2013.12.27"]
[Round "1"]
[White "Koch, Christian"]
[Black "Sabirov, Ramil"]
[Result "1/2-1/2"]
[Termination "normal"]
[Board "2.2"]
[WhiteElo "1834"]
[BlackElo "1908"]
[WhiteTeam "SC Höchstadt"]
[BlackTeam "SG Porz"]
[WhiteFideId "1272124"]
[BlackFideId "12900303"]
[EventCountry "GER"]
[EventRounds "7"]
[EventType "team-swiss"]
[EventDate "2013.12.26"]

1. e4 c5 2. Nf3 Nc6 3. d4 cxd4 4. Nxd4 Qb6 5. Nxc6 dxc6 6. Nc3 e5 7. Bd3 Nf6 8.
O-O Be7 9. Rb1 O-O 10. Be3 Qc7 11. h3 Bd6 12. Qf3 b5 13. Ne2 Nd7 14. Ng3 g6 15.
Bh6 Re8 16. Nf5 Bf8 17. Bxf8 Nxf8 18. Ne3 Qe7 19. Rfd1 Ne6 20. c3 Nf4 21. Bc2
Be6 22. Bb3 Rad8 23. Rxd8 Rxd8 24. Rd1 Rd7 25. Bxe6 Qxe6 26. a3 h5 27. Kf1 Kf8
28. Rxd7 Qxd7 29. Qd1 $11 Qd3+ 30. Qxd3 Nxd3 31. b4 Nf4 32. h4 Ke7 33. g3 Ne6
34. Ke2 Ng7 35. f4 Ke6 36. Kf3 f5 37. Ng2 Kf6 38. Ke3 a6 39. Kf3 Ke6 40. Ke3
Kf6 1/2-1/2

[Event "DVM U16 2013"]
[Site "Lingen (Ems) GER"]
[Date "2013.12.27"]
[Round "1"]
[White "Mönius, Oliver"]
[Black "Brungs, Sven"]
[Result "0-1"]
[Termination "normal"]
[Board "2.4"]
[WhiteElo "1400"]
[BlackElo "1885"]
[WhiteTeam "SC Höchstadt"]
[BlackTeam "SG Porz"]
[WhiteFideId "12949906"]
[BlackFideId "12946257"]
[EventCountry "GER"]
[EventRounds "7"]
[EventType "team-swiss"]
[EventDate "2013.12.26"]

1. d4 Nf6 2. c4 c5 3. d5 e6 4. Nc3 exd5 5. cxd5 d6 6. e4 g6 7. Nf3 Bg7 8. Bd3
O-O 9. O-O a6 10. a4 b6 11. Bf4 Bb7 12. Qc2 Qe7 13. Rfe1 Nbd7 14. Qd2 Ne5 15.
Nxe5 dxe5 16. Bh6 Ne8 17. Bxg7 Kxg7 18. Re3 Qg5 19. Rd1 Nd6 20. Rf3 Qxd2 21.
Rxd2 c4 22. Bf1 b5 23. Re2 b4 24. Na2 a5 25. b3 Ba6 26. Re1 cxb3 27. Bxa6 bxa2
28. Bb5 Nxb5 29. axb5 a4 30. Rd3 b3 0-1

[Event "DVM U16 2013"]
[Site "Lingen (Ems) GER"]
[Date "2013.12.27"]
[Round "1"]
[White "Werner, Justus"]
[Black "Grigorian, Spartak"]
[Result "0-1"]
[Termination "normal"]
[Board "3.1"]
[WhiteElo "1794"]
[BlackElo "2163"]
[WhiteTeam "SG Blau-Weiß Stadtilm"]
[BlackTeam "SK Wildeshausen"]
[WhiteFideId "12941107"]
[BlackFideId "24661490"]
[EventCountry "GER"]
[EventRounds "7"]
[EventType "team-swiss"]
[EventDate "2013.12.26"]

1. c4 Nf6 2. Nf3 c6 3. g3 d5 4. cxd5 cxd5 5. Bg2 Nc6 6. d4 Bg4 7. Nc3 Bxf3 8.
Bxf3 e6 9. O-O Qb6 10. e3 Be7 11. Na4 Qc7 12. Bd2 O-O 13. Rc1 Rfc8 14. Qe2 Nd7
15. Bg2 Qb8 16. Rc2 b5 17. Nc5 Nxc5 18. dxc5 a5 19. Rfc1 Ra7 20. f4 Rac7 21.
Qg4 f5 22. Qe2 b4 23. Qa6 Kh8 24. Bf1 Rb7 25. b3 Qc7 26. Kg2 Kg8 27. Kh1 Kf7
28. Bg2 Qd7 29. Qd3 Rbc7 30. Qb5 Ke8 31. Kg1 Kf7 32. Kf1 g5 33. Qe2 g4 34. Qb5
h5 35. Be1 Rb8 36. Qd3 Rbc8 37. Qb5 Rb7 38. Qd3 Nb8 39. Kg1 Rbc7 40. Qd4 Nc6
41. Qd3 Na7 42. Qa6 Rxc5 43. Rxc5 Bxc5 44. Bd2 Qb5 45. Bf1 Qxa6 46. Bxa6 Rc6
47. Bd3 Bb6 48. Rxc6 Nxc6 49. Bb5 Na7 50. Ba4 Nc8 51. Kf2 Nd6 52. Ke1 Bd8 53.
Bc6 h4 54. gxh4 Bxh4+ 55. Ke2 Ke7 56. Kf1 Ne4 57. Bc1 Kd6 58. Bb5 Nc3 59. a4
Nxb5 0-1

[Event "DVM U16 2013"]
[Site "Lingen (Ems) GER"]
[Date "2013.12.27"]
[Round "1"]
[White "Finke, Maurice"]
[Black "Schmidt, Daniel"]
[Result "1-0"]
[Termination "normal"]
[Board "3.2"]
[WhiteElo "1958"]
[BlackElo "1816"]
[WhiteTeam "SK Wildeshausen"]
[BlackTeam "SG Blau-Weiß Stadtilm"]
[WhiteFideId "12909580"]
[BlackFideId "12957950"]
[EventCountry "GER"]
[EventRounds "7"]
[EventType "team-swiss"]
[EventDate "2013.12.26"]

1. d4 d5 2. c4 e6 3. Nc3 Nf6 4. cxd5 exd5 5. Bg5 Nbd7 6. e3 Be7 7. Qc2 O-O 8.
Bd3 h6 9. Bf4 a6 10. Nf3 b6 11. O-O Bb7 12. h3 Ne8 13. Rac1 Rc8 14. Qe2 Ra8 15.
Rfd1 Bd6 16. Ne5 Qe7 17. Nxd7 Qxd7 18. Be5 Bxe5 19. dxe5 Qe6 20. f4 c5 21. e4
Nc7 22. exd5 Nxd5 23. f5 Nxc3 24. Rxc3 Qc6 25. Bc4 Rad8 26. Rcd3 Rxd3 27. Rxd3
Qe4 28. Rd7 Qxe2 29. Bxe2 Bc8 30. Rd6 b5 31. e6 fxe6 32. fxe6 Re8 33. Bh5 g6
34. Bxg6 Rxe6 35. Rd8+ Kg7 36. Bf5 Re1+ 37. Kf2 Bxf5 38. Kxe1 Be4 39. Kf2 c4
40. a3 a5 41. Rb8 Bc6 42. Rb6 Be8 43. Ra6 a4 44. Ke3 h5 45. h4 Kf7 46. Rb6 Ke7
47. Kd4 1-0

[Event "DVM U16 2013"]
[Site "Lingen (Ems) GER"]
[Date "2013.12.27"]
[Round "1"]
[White "Mann, Jonas"]
[Black "Ngo, Minh Duc"]
[Result "0-1"]
[Termination "normal"]
[Board "3.3"]
[WhiteElo "1771"]
[BlackElo "1980"]
[WhiteTeam "SG Blau-Weiß Stadtilm"]
[BlackTeam "SK Wildeshausen"]
[WhiteFideId "12900214"]
[BlackFideId "12942693"]
[EventCountry "GER"]
[EventRounds "7"]
[EventType "team-swiss"]
[EventDate "2013.12.26"]

1. c4 g6 2. Nc3 Bg7 3. g3 c5 4. Bg2 Nc6 5. Nf3 d6 6. O-O e5 7. d3 h6 8. a3 Nge7
9. Rb1 a5 10. Bd2 O-O 11. Na4 Bd7 12. Qb3 f5 13. Nb6 a4 14. Nxa4 e4 15. Nxc5
dxc5 16. Ne1 Nd4 17. Qd1 Ba4 18. b3 Bc6 19. a4 Kh7 20. e3 Ne6 21. Bc1 Qd7 22.
Bb2 Rfd8 23. Bxg7 Kxg7 24. Qd2 exd3 25. Rd1 Bxg2 26. Kxg2 Qc6+ 27. f3 Rd6 28.
Qc3+ Kg8 29. Nxd3 Rad8 30. Rf2 Ng5 31. h4 Ne4 32. fxe4 Qxe4+ 33. Kh2 Rxd3 34.
Rxd3 Rxd3 35. Qa5 Rd1 36. Rg2 Qb1 37. Rf2 Rh1+ 38. Kg2 Rg1+ 39. Kh2 Qe1 40. Qd2
Kf7 41. e4 Qxd2 42. Rxd2 Rb1 43. exf5 gxf5 44. Rd3 Rb2+ 45. Kh3 h5 46. Re3 Nc6
47. a5 Kf6 48. Re8 Ne5 49. Rc8 Ng4 0-1

[Event "DVM U16 2013"]
[Site "Lingen (Ems) GER"]
[Date "2013.12.27"]
[Round "1"]
[White "Schumann, Steffen"]
[Black "Dittrich, Tom"]
[Result "1-0"]
[Termination "normal"]
[Board "3.4"]
[WhiteElo "1814"]
[BlackElo "1666"]
[WhiteTeam "SK Wildeshausen"]
[BlackTeam "SG Blau-Weiß Stadtilm"]
[WhiteFideId "24686891"]
[BlackFideId "12923532"]
[EventCountry "GER"]
[EventRounds "7"]
[EventType "team-swiss"]
[EventDate "2013.12.26"]

1. e4 c5 2. Nf3 d6 3. d4 cxd4 4. Nxd4 Nf6 5. Nc3 a6 6. Bg5 e6 7. f4 Qb6 8. Qd2
Nc6 9. Nxc6 bxc6 10. e5 Nd5 11. Nxd5 cxd5 12. c3 dxe5 13. fxe5 Qc7 14. Bf4 Bc5
15. Bd3 Rb8 16. b4 Ba7 17. Rc1 Qb6 18. a3 Bd7 19. Qe2 Bb5 20. Rf1 Bxd3 21. Qxd3
Qb5 22. Qg3 Rg8 23. Qh3 h6 24. Qf3 Rb7 25. Rc2 Qc4 26. Bg3 Rc7 27. Bf2 Qb3 28.
Qd3 d4 29. Qe4 Qd5 30. Qxd5 exd5 31. Kd2 dxc3+ 32. Rxc3 Rxc3 33. Kxc3 Bxf2 34.
Rxf2 Ke7 35. Kd4 Ke6 36. Rc2 Kf5 37. Rc5 Ke6 38. Rc6+ Kf5 39. Rxa6 Rc8 40. Ra7
Ke6 41. Ra6+ Kf5 42. Kxd5 Rc2 43. b5 Rxg2 44. b6 Rb2 45. a4 Rxh2 46. Ra5 Rd2+
47. Kc6 g5 48. b7 Rd8 49. Ra8 1-0

[Event "DVM U16 2013"]
[Site "Lingen (Ems) GER"]
[Date "2013.12.27"]
[Round "1"]
[White "Peczely, Sebastian Zsombor"]
[Black "Oberhofer, Cédric"]
[Result "1-0"]
[Termination "normal"]
[Board "4.1"]
[WhiteElo "2183"]
[BlackElo "1911"]
[WhiteTeam "Schachgemeinschaft Leipzig"]
[BlackTeam "SC Bavaria Regensburg"]
[WhiteFideId "750964"]
[BlackFideId "12941220"]
[EventCountry "GER"]
[EventRounds "7"]
[EventType "team-swiss"]
[EventDate "2013.12.26"]

1. e4 c5 2. Ne2 d6 3. d4 cxd4 4. Nxd4 Nf6 5. Nc3 a6 6. Qe2 e6 7. Be3 b5 8. a3
Bb7 9. O-O-O Nbd7 10. f3 Rc8 11. g4 Ne5 12. Bf4 Nfd7 13. h4 Be7 14. g5 Rxc3 15.
bxc3 Qa5 16. Bxe5 Nxe5 17. Qe3 Qxa3+ 18. Kd2 Qc5 19. f4 Nd7 20. Nb3 Qc7 21. h5
O-O 22. Bd3 Rc8 23. g6 Qxc3+ 24. Ke2 Nf6 25. Nd4 d5 26. e5 Ne4 27. h6 gxh6 28.
gxf7+ Kxf7 29. Rxh6 Qc5 30. Rxh7+ Ke8 31. Bxe4 dxe4 32. Qg3 Bd5 33. Qg6+ Kd7
34. Qf7 Qc4+ 35. Kf2 Re8 36. Ne2 Qc5+ 37. Ke1 e3 38. f5 Qb4+ 39. c3 Qe4 40.
Qxe6+ 1-0

[Event "DVM U16 2013"]
[Site "Lingen (Ems) GER"]
[Date "2013.12.27"]
[Round "1"]
[White "Dechant, Georg"]
[Black "Kreyssig, Robert"]
[Result "1/2-1/2"]
[Termination "normal"]
[Board "4.2"]
[WhiteElo "1689"]
[BlackElo "2070"]
[WhiteTeam "SC Bavaria Regensburg"]
[BlackTeam "Schachgemeinschaft Leipzig"]
[WhiteFideId "12956716"]
[BlackFideId "4662881"]
[EventCountry "GER"]
[EventRounds "7"]
[EventType "team-swiss"]
[EventDate "2013.12.26"]

1. e4 c5 2. Nf3 Nc6 3. d4 cxd4 4. Nxd4 Nf6 5. Nc3 d6 6. Bg5 e6 7. Qd2 a6 8.
O-O-O Bd7 9. f4 h6 10. Bxf6 Qxf6 11. Nxc6 Bxc6 12. Kb1 Qd8 13. Qd4 Qc7 14. Bd3
O-O-O 15. Rhe1 Rg8 16. g4 Be7 17. Qa7 Qa5 18. a3 d5 19. exd5 Bc5 20. b4 Bxa7
21. bxa5 Bxd5 22. Bh7 Rh8 23. Nxd5 Rxh7 24. Nb6+ Bxb6 25. axb6 Rxd1+ 26. Rxd1
Rh8 27. Rd3 Rf8 28. h4 1/2-1/2

[Event "DVM U16 2013"]
[Site "Lingen (Ems) GER"]
[Date "2013.12.27"]
[Round "1"]
[White "Kreyssig, Bruno"]
[Black "Rösl, Martin"]
[Result "0-1"]
[Termination "normal"]
[Board "4.3"]
[WhiteElo "1837"]
[BlackElo "1536"]
[WhiteTeam "Schachgemeinschaft Leipzig"]
[BlackTeam "SC Bavaria Regensburg"]
[WhiteFideId "4692489"]
[BlackFideId "12983098"]
[EventCountry "GER"]
[EventRounds "7"]
[EventType "team-swiss"]
[EventDate "2013.12.26"]

1. e4 c5 2. Nf3 Nc6 3. d4 cxd4 4. Nxd4 Qb6 5. Nb3 Nf6 6. Nc3 e6 7. Be3 Qc7 8.
a3 a6 9. Be2 Be7 10. f4 d6 11. g4 b5 12. Bf3 Bb7 13. g5 Nd7 14. Qd2 O-O 15. h4
Nb6 16. Bxb6 Qxb6 17. O-O-O Rac8 18. h5 b4 19. axb4 Nxb4 20. g6 h6 21. gxf7+
Rxf7 22. Rhg1 Bf8 23. f5 Kh8 24. Rg6 exf5 25. Rdg1 fxe4 26. Bd1 e3 27. Qh2 Be7
28. Qg3 Bg5 29. Kb1 Rf6 30. Rxf6 Bxf6 31. Bg4 Rf8 32. Bf5 Bc8 33. Be4 Bg5 34.
Nd5 Nxd5 35. Bxd5 e2 36. Re1 Qf2 37. Qc3 Qxe1+ 0-1

[Event "DVM U16 2013"]
[Site "Lingen (Ems) GER"]
[Date "2013.12.27"]
[Round "1"]
[White "Oberhofer, Marie"]
[Black "Wildermuth, Tim"]
[Result "1-0"]
[Termination "normal"]
[Board "4.4"]
[WhiteElo "1542"]
[BlackElo "1512"]
[WhiteTeam "SC Bavaria Regensburg"]
[BlackTeam "Schachgemeinschaft Leipzig"]
[WhiteFideId "12938165"]
[BlackFideId "12946109"]
[EventCountry "GER"]
[EventRounds "7"]
[EventType "team-swiss"]
[EventDate "2013.12.26"]

1. e4 c5 2. Nf3 Nc6 3. d4 cxd4 4. Nxd4 e5 5. Nb5 a6 6. Nd6+ Bxd6 7. Qxd6 Qf6 8.
Qd1 Qg6 9. Nc3 Nge7 10. Be3 d6 11. Qd2 f5 12. O-O-O Be6 13. Bb6 fxe4 14. Qxd6
Nc8 15. Qc5 Nxb6 16. Qxb6 O-O 17. Qxb7 Bg4 18. Rd2 Ra7 19. Qb3+ Raf7 20. Bc4
Bf5 21. Bxf7+ Rxf7 22. Rhd1 Qg5 23. Kb1 Qe7 24. Qd5 Be6 25. Qxc6 1-0

[Event "DVM U16 2013"]
[Site "Lingen (Ems) GER"]
[Date "2013.12.27"]
[Round "1"]
[White "Grimm, Julius"]
[Black "Flüchter, Gregor"]
[Result "0-1"]
[Termination "normal"]
[Board "5.1"]
[WhiteElo "1944"]
[BlackElo "2041"]
[WhiteTeam "Schachforum Darmstadt"]
[BlackTeam "SF Dortmund-Brackel 1930"]
[WhiteFideId "12916986"]
[BlackFideId "12903396"]
[EventCountry "GER"]
[EventRounds "7"]
[EventType "team-swiss"]
[EventDate "2013.12.26"]

1. d4 d5 2. c4 c6 3. Nf3 Nf6 4. e3 Bf5 5. Nc3 e6 6. Nh4 Bg6 7. Be2 Nbd7 8. O-O
Bd6 9. g3 O-O 10. Nxg6 hxg6 11. Qb3 Rb8 12. Rd1 Qe7 13. Qc2 dxc4 14. Bxc4 Nb6
15. Bb3 c5 16. Nb5 cxd4 17. exd4 Rbc8 18. Qe2 a6 19. Nc3 Bb4 20. Rd3 Qd7 21.
Bg5 Bxc3 22. bxc3 Qb5 23. Bxf6 Rxc3 24. Bxg7 Qxd3 25. Qxd3 Rxd3 26. Bxf8 Kxf8
27. Bc2 Rxd4 28. Rb1 Rd2 29. Be4 Nd5 30. Rxb7 0-1

[Event "DVM U16 2013"]
[Site "Lingen (Ems) GER"]
[Date "2013.12.27"]
[Round "1"]
[White "Birnkraut, Tim"]
[Black "Nothnagel, Marian Can"]
[Result "1/2-1/2"]
[Termination "normal"]
[Board "5.2"]
[WhiteElo "1804"]
[BlackElo "1779"]
[WhiteTeam "SF Dortmund-Brackel 1930"]
[BlackTeam "Schachforum Darmstadt"]
[WhiteFideId "24609587"]
[BlackFideId "12921530"]
[EventCountry "GER"]
[EventRounds "7"]
[EventType "team-swiss"]
[EventDate "2013.12.26"]

1. e4 e5 2. Nf3 d6 3. d4 exd4 4. Nxd4 Nf6 5. Nc3 Be7 6. Bc4 O-O 7. O-O Re8 8.
Re1 Bf8 9. Bg5 Nbd7 10. f4 c6 11. Nf3 b5 12. Bd3 Qb6+ 13. Kf1 a5 14. Qe2 b4 15.
Na4 Qc7 16. Kg1 Qa7+ 17. Qe3 Qxe3+ 18. Rxe3 h6 19. Bxf6 Nxf6 20. Nb6 Rb8 21.
Nxc8 Rbxc8 22. Re2 Nd7 23. Ba6 Rb8 24. Bc4 Nc5 25. Nd2 Na4 26. Rb1 g6 27. Nb3
Nb6 28. Bd3 a4 29. Nd2 Bg7 30. Kf2 d5 31. Kf3 Rbd8 32. exd5 Rxe2 33. Bxe2 cxd5
34. a3 Rc8 35. Bd3 bxa3 36. bxa3 Bd4 37. Rb4 Bc5 38. Rb5 Nd7 39. Ra5 Re8 40. g3
Bxa3 41. Rxa4 Bf8 42. Bb5 Re7 43. Nb3 Nf6 44. Rd4 Rc7 45. Bd3 h5 46. Ra4 Kg7
47. Ra6 Nd7 48. Ra5 Nc5 49. Nxc5 1/2-1/2

[Event "DVM U16 2013"]
[Site "Lingen (Ems) GER"]
[Date "2013.12.27"]
[Round "1"]
[White "Tampe, Alexander"]
[Black "van Klev, Fabian"]
[Result "0-1"]
[Termination "normal"]
[Board "5.3"]
[WhiteElo "1712"]
[BlackElo "1748"]
[WhiteTeam "Schachforum Darmstadt"]
[BlackTeam "SF Dortmund-Brackel 1930"]
[WhiteFideId "12921572"]
[BlackFideId "12964255"]
[EventCountry "GER"]
[EventRounds "7"]
[EventType "team-swiss"]
[EventDate "2013.12.26"]

1. e4 g6 2. d4 Bg7 3. Nc3 d6 4. f4 Nf6 5. e5 Nfd7 6. Be3 O-O 7. Nf3 c5 8. Qd2
cxd4 9. Bxd4 Nc6 10. exd6 Nxd4 11. Nxd4 exd6 12. O-O-O Nf6 13. Ndb5 d5 14. Nxd5
Nxd5 15. Qxd5 Qb6 16. Qd6 Bg4 17. Re1 Qa5 18. Bc4 Rac8 19. Qa3 Qb6 20. Qb3 a6
21. Na3 Qc7 22. Rhf1 b5 23. Bd5 Rfd8 24. h3 b4 25. Qxb4 Rxd5 26. hxg4 Rb5 27.
Re8+ Rxe8 28. Nxb5 axb5 29. a4 bxa4 30. Qxa4 Rb8 31. b3 Qc3 32. Qa3 Rc8 33. Qa2
Qe3+ 34. Kb1 Qe4 0-1

[Event "DVM U16 2013"]
[Site "Lingen (Ems) GER"]
[Date "2013.12.27"]
[Round "1"]
[White "Wastian, Jan"]
[Black "Uellner, Ferdinand"]
[Result "1-0"]
[Termination "normal"]
[Board "5.4"]
[WhiteElo "1630"]
[BlackElo "1246"]
[WhiteTeam "SF Dortmund-Brackel 1930"]
[BlackTeam "Schachforum Darmstadt"]
[WhiteFideId "12911640"]
[BlackFideId "12983101"]
[EventCountry "GER"]
[EventRounds "7"]
[EventType "team-swiss"]
[EventDate "2013.12.26"]

1. e4 e5 2. Nf3 Nc6 3. Bb5 Bc5 4. O-O Nge7 5. c3 a6 6. Ba4 b5 7. Bb3 d5 8. exd5
Nxd5 9. Nxe5 Nxe5 10. Re1 O-O 11. Rxe5 Qf6 12. d4 c6 13. Bg5 Qd6 14. Bxd5 cxd5
15. Bf4 Qf6 16. Bg3 Bb6 17. Rxd5 Be6 18. Re5 Rfe8 19. Nd2 Rad8 20. Qf3 Qe7 21.
Rae1 b4 22. d5 Bc7 23. R5e2 Bxg3 24. hxg3 bxc3 25. bxc3 Qb7 26. dxe6 Qxf3 27.
Nxf3 fxe6 28. Rxe6 Rxe6 29. Rxe6 1-0

[Event "DVM U16 2013"]
[Site "Lingen (Ems) GER"]
[Date "2013.12.27"]
[Round "1"]
[White "Riehle, Marco"]
[Black "Walter, Kevin"]
[Result "1/2-1/2"]
[Termination "normal"]
[Board "6.1"]
[WhiteElo "1876"]
[BlackElo "1976"]
[WhiteTeam "SF Sasbach"]
[BlackTeam "SK Sontheim/Brenz"]
[WhiteFideId "12904392"]
[BlackFideId "12906654"]
[EventCountry "GER"]
[EventRounds "7"]
[EventType "team-swiss"]
[EventDate "2013.12.26"]

1. e4 c5 2. Nf3 d6 3. d4 cxd4 4. Nxd4 Nf6 5. f3 e5 6. Nb3 d5 7. exd5 Nxd5 8. c4
Bb4+ 9. Ke2 Nb6 10. Qxd8+ Kxd8 11. Bd2 Bxd2 12. N1xd2 Ke7 13. Kf2 Na4 14. Rb1
Bf5 15. Ne4 Bxe4 16. fxe4 Rd8 17. Ke3 b6 18. Be2 Nc6 19. c5 Nd4 20. c6 Nc5 21.
Nxc5 bxc5 22. Rhc1 Kd6 23. Bc4 f6 24. Ba6 Rab8 25. b4 Ne6 26. a3 Kxc6 27. Bc4
Nd4 28. Bd5+ Kd6 29. Rxc5 Rb5 30. Rbc1 Rxc5 31. Rxc5 Rd7 32. Kd2 f5 33. Bg8 h6
34. Rd5+ Kc7 35. exf5 Nxf5 36. Rxd7+ 1/2-1/2

[Event "DVM U16 2013"]
[Site "Lingen (Ems) GER"]
[Date "2013.12.27"]
[Round "1"]
[White "Romes, Max"]
[Black "Ehmann, Thilo"]
[Result "0-1"]
[Termination "normal"]
[Board "6.2"]
[WhiteElo "1922"]
[BlackElo "1921"]
[WhiteTeam "SK Sontheim/Brenz"]
[BlackTeam "SF Sasbach"]
[WhiteFideId "12928968"]
[BlackFideId "12940968"]
[EventCountry "GER"]
[EventRounds "7"]
[EventType "team-swiss"]
[EventDate "2013.12.26"]

1. e4 c5 2. d4 cxd4 3. c3 d3 4. f4 d6 5. Be3 Nf6 6. Bxd3 Ng4 7. Qe2 Nxe3 8.
Qxe3 g6 9. Nf3 Bg7 10. Na3 Nc6 11. Rd1 Bg4 12. O-O Bxf3 13. Rxf3 O-O 14. Bc4
Qc7 15. h4 h5 16. Nb5 Qc8 17. Bb3 Bh6 18. Rg3 Kh7 19. Qf3 Na5 20. Bd5 e6 21.
Bb3 Qc5+ 22. Nd4 Nxb3 23. axb3 e5 24. Kh1 exd4 25. Rxd4 Qc7 26. f5 Qe7 27. f6
Qe5 28. Qd3 Qxf6 29. Rxd6 Qxh4+ 30. Rh3 Qe1+ 0-1

[Event "DVM U16 2013"]
[Site "Lingen (Ems) GER"]
[Date "2013.12.27"]
[Round "1"]
[White "Bohnert, Dominik"]
[Black "Walter, Daniel"]
[Result "1-0"]
[Termination "normal"]
[Board "6.3"]
[WhiteElo "1936"]
[BlackElo "1271"]
[WhiteTeam "SF Sasbach"]
[BlackTeam "SK Sontheim/Brenz"]
[WhiteFideId "12918075"]
[BlackFideId "12983110"]
[EventCountry "GER"]
[EventRounds "7"]
[EventType "team-swiss"]
[EventDate "2013.12.26"]

1. e4 Nf6 2. e5 Nd5 3. Nc3 Nb6 4. Nf3 d6 5. d4 g6 6. Bf4 Bg7 7. exd6 exd6 8. h3
O-O 9. Bd3 Re8+ 10. Ne2 Nc6 11. c3 f5 12. O-O d5 13. Rc1 Bf6 14. b3 Be6 15. Qd2
Bf7 16. Ng5 Qd7 17. h4 Be6 18. Kh2 Rad8 19. Rh1 h5 20. Rhe1 Qg7 21. Ng3 Bc8 22.
Rxe8+ Rxe8 23. Re1 Re7 24. Re2 a6 25. Qe1 Rxe2 26. Qxe2 Bd8 27. Qe8+ Qf8 28.
Qxg6+ 1-0